Score 0/17 Timer 05:00
0 Plays Today
Year Novel % Correct
1985White Noise
82.3%
1997Underworld
69%
1988Libra
57.7%
1991Mao II
52.6%
2007Falling Man
47.1%
1971Americana
46.6%
2003Cosmopolis
46.5%
1972End Zone
42.3%
2010Point Omega
36.5%
Year Novel % Correct
2001The Body Artist
34.8%
1973Great Jones Street
33.5%
1982The Names
33%
1976Ratner's Star
32.1%
1978Running Dog
31.2%
1977Players
29.5%
2016Zero K
28.6%
1980Amazons
24.6%

You're not logged in!

Compare scores with friends on all Sporcle quizzes.
OR
Log In

Sporcle TV

Today on Sporcle TV


Watch our educational content, quiz creation guides, and fun videos on Sporcle TV.

Show Comments

Extras

Top Quizzes Today


Score Distribution

Paid Content

Your Account Isn't Verified!

In order to create a playlist on Sporcle, you need to verify the email address you used during registration. Go to your Sporcle Settings to finish the process.

Report this User

Report this user for behavior that violates our Community Guidelines.

Details: